English Voc 3 - Statistiken

Allgemein
  • Dieses Quiz wurde 57 mal gespielt
    41 seit der letzten Aktualisierung
  • Das Durchschnittsergebnis liegt bei 10 aus 79
Antwortstatistiken
Deutsch Englisch % Korrekt
pro Kopf per capita
52%
abgelegen, abgeschieden remote
39%
Windenergie wind energy
39%
Prognose prognosis
26%
Rührei scrambled eggs
26%
Brunnen well
26%
Bioenergie bioenergy
22%
CO2-Fußabdruck carbon footprint
22%
kinetische Energie, Bewegungsenergie kinetic energy
22%
Solarenergie, Sonnenenergie solar energy
22%
wasserintensive Industrien water-intensive industries
22%
Windrad wind turbine
22%
Biotreibstoff biofuel
17%
Mindestlohn minimum wage
17%
Fernbedienung remote control
17%
Zutreilung, Zuweisung allocation
13%
Belastung, Last, Bürde burden
13%
Geothermie geothermal energy
13%
Bewässerung irrigation
13%
Photovoltaikplatte, Sonnenkollektor photovoltaic panel
13%
Rückspiegel rear-view mirror
13%
rückläufig, regressiv regressive
13%
vertikaler Garten, Fassadenbegrünung vertical garden
13%
reichlich vorhanden abundant
9%
Paradebeispiel a case in point
9%
handlungsrelevante, umsetzbare Informationen actionable information
9%
eine verschwenderische Lebensweise a lavish lifestyle
9%
reichlich, umfangreich, üppig ample
9%
Anthropozän Anthropocene
9%
eine schlechte Wahl a poor choice
9%
Holzkohle charcoal
9%
im Gegenzug, spiegelbildlich dazu conversely
9%
Übeltäter:in, Schuldige/r culprit
9%
fatal, schrecklich, düster dire
9%
unverhältnismäßig disproportionate
9%
Erhebung, Erhöhung elevation
9%
Führung, Steuerung, Leitung governance
9%
Knotenpunkt, Dreh- und Angelpunkt hub
9%
Index der menschlichen Entwicklung Human Development Index
9%
Wasserpolitik hydropolitics
9%
Wasserkraft hydropower
9%
eingewachsen, tief verwurzelt ingrained
9%
Mist manure
9%
kommunale (Wasserversorgung);Stadt-/Gemeinde- municipal (water supply)
9%
Verstümmelung mutilation
9%
Myzellengeflecht mycelial network
9%
Nährstoff nutrient
9%
Meeresenergie ocean energy
9%
auf Augenhöhe, gleichberechtigt on an equal footing
9%
Heide; heidnisch pagan
9%
Permakultur, dauerhafte Landwirtschaft permaculture
9%
Schadstoff pollutant
9%
Stausee reservoir
9%
Überreste, Überbleibsel residue
9%
Interessensvertreter, Interessensgruppe stakeholder
9%
Synergie, förderliche Zusammenarbeit synergy
9%
sich mit etw. beschäftigen, mit etw. beschäftigt sein to be engaged in
9%
verlobt sein to be engaged (to sb.)
9%
die Frage aufwerfen to beg the question
9%
sich freikaufen to buy yourself out of doing sth.
9%
vor der eigenen Tür kehren to clean up your own backyard
9%
verschmutzen, verseuchen to contaminate
9%
beenden, abbrechen to discontinue
9%
etw. miteinbeziehen, ins Spiel bringen, einkalkulieren to factor in, to factor sth. into sth.
9%
anheizen, schüren to fuel
9%
nutzbar machen; einspannen, anschirren to harness
9%
sich jmdm. anschließen to hook up with
9%
umsetzen, einführen to implement
9%
überholen, übertreffen to outstrip
9%
bestrafen to penalise/ to penalize
9%
skalieren, anpassen to scale
9%
kraxeln, klettern, sich drängeln to scramble
9%
sich farum reißen etw. zu tun to scramble to do sth.
9%
die Eingeweide betreffend, viszeral, aus tiefenemotionalen Gründen, aus dem Bauch heraus visceral(ly)
9%
Wassermangel water scarcity
9%
Wasserknappheit water stress
9%
eingeflochten ins Netz des Lebens woven into the web of live
9%
eine rückständige Einstellung a rear-view mirror attitude
4%
Gezeitenstrom tidal current
4%
Keine übereinstimmenden Quizze gefunden
Verteilung der Resultate
Anzahl Personen mit jedem Resultat
Perzentil nach korrekt beantworteten Fragen
Ihre Resultats-Entwicklung
Sie haben dieses Quiz seit der letzten Aktualisierung nicht gespielt